Laquelle de ces options est une station du métro parisien - #2 - Statistiques

Statistiques générales
  • Ce quiz a été pris 168 fois
    44 depuis la dernière actualisation
  • Le résultat moyen est 11 sur 15
Statistiques - réponses
Question Réponse % Correct
Quel président étatsunien donne son nom à une station ? Franklin D. Roosevelt
98%
Quel contient porte le nom d'une station de métro ? Ou l'inverse ? Europe
90%
In nomine patris et filii et spiritus sancti. Pasteur
90%
Où est-ce que Bébert va pouvoir descendre ? Kléber
86%
*jingle de Clash of Clans* Les Gobelins
86%
Quel pays d'Amérique du Sud donne son nom à une station ? Argentine
83%
Si vous êtes d'humeur fermière, vous pouvez descendre à... La Fourche
83%
Ça sent la montagne ! Pyrénées
81%
Quelle mairie voit son nom sur une station de métro ? Mairie d'Aubervilliers
79%
Qu'est-ce que je vous sers ? Truite ? Côte de boeuf ? Croissants ? Poires ? Poisonnière
76%
Pour les fans de voitures, Renault, Peugeot, Citroën ou Alpine ? Javel - André Citroën
74%
Allons en enfants de la patrie... Liberté
74%
Il y a un relent de radium dans l'air... Pierre et Marie Curie
62%
Parmi ces fameux ponts, lequel donne son nom à une station ? Mirabeau
40%
Cette station dans une station... Châtelet
31%
Aucun quiz correspondant
Distribution des résultats
% des personnes avec chaque résultat
Percentile par nombre de réponses
Votre historique - résultats
Vous n’avez pas pris ce quiz depuis la dernière actualisation